Most Lines in 'The Walking Dead': Season 1 Quiz Stats

 Plays Quiz Updated Oct 22, 2017

Support Sporcle.
Go Orange.
Score 0/18 Timer 05:00
0 Plays Today
Number of Lines Character % Correct
341Rick Grimes
98.3%
40Carl Grimes
93.1%
224Shane Walsh
88.2%
91Daryl Dixon
87.2%
133Lori Grimes
87.1%
86Glenn Rhee
82.6%
37Carol Peletier
81.8%
90Andrea
78.4%
69Dale Horvath
75.5%
Number of Lines Character % Correct
33Merle Dixon
75.5%
69Theodore 'T-Dog' Douglas
68.3%
44Amy
60.9%
53Morgan Jones
58.1%
50Jim
51.3%
77Dr. Edwin Jenner
45.9%
28Jacqui
45.5%
53Morales
43%
24Guillermo
19.9%

You're not logged in!

Compare scores with friends on all Sporcle quizzes.
OR
Log In

From the Vault

4-Letter Click Blitz

by sproutcm

Good luck clicking your way out of this blitz.
Remove Ads.
Support Sporcle.
Get the best of Sporcle when you Go Orange. This ad-free experience offers more features, more stats, and more fun while also helping to support Sporcle. Thank you for becoming a member.

Show Comments

Extras

Top Quizzes Today


Score Distribution

Your Account Isn't Verified!

In order to create a playlist on Sporcle, you need to verify the email address you used during registration. Go to your Sporcle Settings to finish the process.

Report this User

Report this user for behavior that violates our Community Guidelines.

Details: